| 000 | 00781nam a22002417a 4500 | ||
|---|---|---|---|
| 999 |
_c5846 _d5846 |
||
| 003 | AR-CdUCM | ||
| 008 | 190313b ||||| |||| 00| 0 spa d | ||
| 040 |
_aMUNICIPALIDAD PROVINCIAL DEL CUSCO _cBIBLIOTECA MUNICIPAL DEL CUSCO |
||
| 082 |
_a808 / _bC13 |
||
| 100 |
_aCabel, Jesús _96084 |
||
| 245 | _aConfesiones / | ||
| 260 |
_aLima : _bLa Nueva Generación ; _c1969. |
||
| 300 |
_a39 páginas ; _c16cm |
||
| 440 |
_aColección Primer Festival de Poesía Cabel _n2 _917290 |
||
| 500 | _aDonación de la familia Nieto | ||
| 505 | _aContenido: Poesía | ||
| 650 |
_aPoesía peruana _911982 |
||
| 650 |
_aLiteratura peruana _97175 |
||
| 700 |
_aAmerica, Grupo Literario _917291 |
||
| 700 |
_aPerú Nuevo, Revista Cultural _917292 |
||
| 942 |
_2ddc _cLIBROS |
||
| 945 | _anom | ||